[Event "AUTO-INT-2101"]
[Site "http://www.queenalice.com/game.php?id=966875"]
[Date "2011.7.30"]
[Round "1"]
[White "roqqk38"]
[Black "geert"]
[Result "1-0"]
[WhiteElo "1609"]
[BlackElo "1559"]

1. e4 e5 2. Nf3 d6 3. Bc4 h6 4. d3 Nf6 5. Nc3 Bg4 6. h3 Bh5 7. g4 Bg6 8. Nd5 Be7
9. d4 Nc6 10. c3 O-O 11. Rg1 Bxe4 12. h4 Na5 13. b3 Bxd5 14. Bxd5 Nxd5 15. dxe5
Nxc3 16. Qd2 Ne4 17. Qxa5 Nc5 18. Be3 b6 19. Qb5 Ne4 20. Nd4 Nc3 21. Qd3 Nd5 22.
Nc6 Nb4 23. Nxb4 Rc8 24. Bf4 Bxh4 25. Nc6 Bxf2+ 26. Kxf2 Qh4+ 27. Qg3 Qxg3+ 28.
Bxg3 dxe5 29. Ne7+ Kh8 30. Nxc8 1-0

[Event "AUTO-INT-2112"]
[Site "http://www.queenalice.com/game.php?id=971274"]
[Date "2011.8.11"]
[Round "1"]
[White "elpiada"]
[Black "geert"]
[Result "1-0"]
[WhiteElo "1586"]
[BlackElo "1656"]

1. e4 c5 2. Nc3 d6 3. Bb5+ Bd7 4. Qe2 a6 5. Bc4 e6 6. Nf3 b5 7. Nxb5 Bxb5 8.
Bxb5+ axb5 9. Qxb5+ Nd7 10. O-O Rb8 11. Qe2 g6 12. d4 Bg7 13. c3 Ne7 14. dxc5
Nxc5 15. b4 Bxc3 16. Rb1 Rxb4 17. Rxb4 Bxb4 18. Qb5+ Qd7 19. Qxb4 Nd3 20. Qb8+
Qd8 21. Qb5+ Kf8 22. Qxd3 e5 23. Bh6+ Ke8 24. Ng5 Ng8 25. Bg7 Qxg5 26. Qb5+ Ke7
27. Bxh8 f6 28. Qb7+ Kf8 29. Qg7+ Ke8 30. Qxg8+ Ke7 31. Qxh7+ 1-0

[Event "AUTO-INT-2112"]
[Site "http://www.queenalice.com/game.php?id=971275"]
[Date "2011.8.11"]
[Round "1"]
[White "geert"]
[Black "elpiada"]
[Result "0-1"]
[WhiteElo "1623"]
[BlackElo "1568"]

1. d4 d5 2. e3 e6 3. Bd3 Qf6 4. Nf3 h5 5. O-O h4 6. h3 Bd6 7. c3 Nc6 8. Bb5 Bd7
9. Qa4 g5 10. b4 g4 11. hxg4 h3 12. g5 Qf5 13. Nbd2 hxg2 14. Kxg2 Qg4# 0-1

[Event "AUTO-INT-2112"]
[Site "http://www.queenalice.com/game.php?id=971290"]
[Date "2011.8.11"]
[Round "1"]
[White "geert"]
[Black "daga2008"]
[Result "0-1"]
[WhiteElo "1472"]
[BlackElo "1513"]

1. d4 d5 2. e3 f6 3. Bd3 Na6 4. Bxa6 bxa6 5. Ne2 Nh6 6. O-O Bb7 7. b3 Qd7 8. Ba3
e6 9. Bxf8 Rxf8 10. Nf4 g5 11. Nd3 O-O-O 12. Nd2 Qc6 13. Nb4 Qd7 0-1

[Event "AUTO-INT-2112"]
[Site "http://www.queenalice.com/game.php?id=971291"]
[Date "2011.8.11"]
[Round "1"]
[White "daga2008"]
[Black "geert"]
[Result "1-0"]
[WhiteElo "1483"]
[BlackElo "1488"]

1. e4 c5 2. Bc4 d6 3. Qf3 e6 4. Nh3 Be7 5. g4 f6 6. Nc3 Nh6 7. d3 Nf7 8. Nf4 e5
9. Ng2 Nc6 10. Bxf7+ Kxf7 11. g5 Nd4 12. Qd1 fxg5 13. Be3 Ne6 14. Qe2 1-0

[Event "AUTO-INT-2120"]
[Site "http://www.queenalice.com/game.php?id=974860"]
[Date "2011.8.20"]
[Round "1"]
[White "I_BOSS_BO"]
[Black "geert"]
[Result "1-0"]
[WhiteElo "1509"]
[BlackElo "1535"]

1. e4 c5 2. Bc4 d6 3. Qh5 g6 4. Qf3 e6 5. Nc3 Bg7 6. Nd5 exd5 7. Bxd5 Nf6 8. d3
Nxd5 9. exd5 O-O 10. h4 Nd7 11. h5 Ne5 12. Qg3 Qa5+ 13. Bd2 Qb6 14. Bc3 Re8 15.
O-O-O Bf5 16. f4 Ng4 17. Nf3 Ne3 18. Rd2 1-0

[Event "AUTO-INT-2120"]
[Site "http://www.queenalice.com/game.php?id=974861"]
[Date "2011.8.20"]
[Round "1"]
[White "geert"]
[Black "PitBullLoko"]
[Result "1-0"]
[WhiteElo "1625"]
[BlackElo "1634"]

1. d4 d5 2. e3 Nf6 3. Nf3 g6 4. Bd3 Bg7 5. O-O Bf5 6. Bxf5 e6 7. Bd3 a6 8. b3
Nc6 9. Ba3 a5 10. Bb5 Ne4 11. c4 Qd7 12. cxd5 Qxd5 13. Bc4 Qf5 14. Nh4 Qg5 15.
g3 O-O-O 16. Nf3 Qf5 17. Bd3 Nb4 18. Bxb4 Qg4 19. Bxa5 b6 20. Bc3 Nxc3 21. Nxc3
f5 22. Bc4 e5 23. Ne2 e4 24. Nh4 g5 25. Ng2 Qh3 26. Be6+ Kb8 27. Kh1 Rd6 28.
Nef4 gxf4 29. Nxf4 Be5 30. Nxh3 1-0

[Event "AUTO-INT-2120"]
[Site "http://www.queenalice.com/game.php?id=974862"]
[Date "2011.8.20"]
[Round "1"]
[White "PitBullLoko"]
[Black "geert"]
[Result "0-1"]
[WhiteElo "1618"]
[BlackElo "1641"]

1. d4 d5 2. c4 c6 3. c5 e6 4. Nf3 h6 5. Nc3 Nf6 6. Bf4 Na6 7. a3 Be7 8. h3 O-O
9. Qd3 Nh5 10. Bd6 Bxd6 11. e4 dxe4 12. Qxe4 Nf6 13. Qe3 Qa5 14. g3 Nd5 15. b4
Naxb4 16. Qd2 Be7 17. Bd3 Nxd3+ 18. Qxd3 Nxc3 19. O-O Nd5 20. h4 Qc3 21. Ne5
Qxd3 22. Nxd3 b6 23. Ne5 Bb7 24. Rab1 Rfd8 25. Rfe1 Nc3 26. Rb3 Nb5 27. a4 Nc7
28. a5 Nb5 29. Nxc6 Bxc6 30. cxb6 Nxd4 31. Rb4 Nf3+ 0-1

[Event "AUTO-INT-2120"]
[Site "http://www.queenalice.com/game.php?id=974863"]
[Date "2011.8.20"]
[Round "1"]
[White "geert"]
[Black "JonathanSouza"]
[Result "0-1"]
[WhiteElo "1515"]
[BlackElo "1566"]

1. d4 d5 2. e3 e6 3. Nf3 f6 4. Bd3 Nc6 5. O-O Nb4 6. Bb5+ c6 7. Ba4 b5 8. Bb3 e5
9. a3 Na6 10. dxe5 Nc5 11. exf6 gxf6 12. Nd4 Qd6 13. Ba2 Bb7 14. Qh5+ Kd8 15. b4
Ne6 16. Qf7 Bc8 0-1

[Event "AUTO-INT-2120"]
[Site "http://www.queenalice.com/game.php?id=974864"]
[Date "2011.8.20"]
[Round "1"]
[White "JonathanSouza"]
[Black "geert"]
[Result "1-0"]
[WhiteElo "1580"]
[BlackElo "1501"]

1. e4 c5 2. Qh5 d6 3. Bc4 g6 4. Qf3 Nf6 5. h3 a6 6. d3 b5 7. Bb3 Bb7 8. Bg5 Bg7
9. Nc3 Nbd7 10. Nge2 O-O 11. Nd5 Bxd5 12. exd5 Ne5 13. Qf4 Nh5 14. Qe3 Bf6 15.
Bxf6 Nxf6 16. g4 Qa5+ 17. c3 1-0

[Event "AUTO-INT-2131"]
[Site "http://www.queenalice.com/game.php?id=979449"]
[Date "2011.8.31"]
[Round "1"]
[White "malouco"]
[Black "geert"]
[Result "1-0"]
[WhiteElo "1654"]
[BlackElo "1655"]

1. d4 d5 2. e3 e6 3. Be2 Be7 4. Nf3 Nf6 5. O-O O-O 6. c4 b6 7. cxd5 Nxd5 8. Nc3
Bb7 9. Nxd5 Bxd5 10. b3 c5 11. Ne5 Nd7 12. Nxd7 Qxd7 13. Bb2 Qb7 14. Bf3 Bxf3
15. Qxf3 Qxf3 16. gxf3 Rfd8 17. dxc5 bxc5 18. Ba3 Rd5 19. f4 Rd2 20. Rfd1 Rad8
21. Rxd2 Rxd2 22. Kg2 Bf6 23. Rc1 Be7 24. Bxc5 1-0

[Event "AUTO-INT-2131"]
[Site "http://www.queenalice.com/game.php?id=979450"]
[Date "2011.8.31"]
[Round "1"]
[White "geert"]
[Black "malouco"]
[Result "0-1"]
[WhiteElo "1672"]
[BlackElo "1637"]

1. d4 d5 2. e3 e6 3. Nf3 c5 4. dxc5 Qa5+ 5. Bd2 Qxc5 6. a3 Qb6 7. b4 Be7 8. Nc3
Nf6 9. Na4 Qd6 10. Rc1 O-O 11. Nd4 Ne4 12. Nb5 Qd7 13. Nc5 Bxc5 14. Bd3 Bd6 15.
O-O a6 16. Nxd6 Nxd2 17. Qxd2 Qxd6 18. c3 b5 19. Qc2 g6 20. Rcd1 Nd7 21. Be2 Ne5
22. f4 Nc4 23. Bxc4 bxc4 24. e4 a5 0-1

[Event "AUTO-INT-2131"]
[Site "http://www.queenalice.com/game.php?id=979459"]
[Date "2011.8.31"]
[Round "1"]
[White "geert"]
[Black "zemaria"]
[Result "1-0"]
[WhiteElo "1654"]
[BlackElo "1707"]

1. d4 d5 2. e3 Nf6 3. Nf3 Bf5 4. Bd3 Be6 5. Ng5 Bd7 6. O-O g6 7. Nc3 h6 8. Nf3
c6 9. Ne5 Nh5 10. Nxg6 Rg8 11. Nxf8 Nf6 12. Nxd7 Qxd7 13. h3 Qc7 14. e4 e6 15.
e5 Nfd7 16. Bxh6 Nf8 17. Bxf8 1-0

[Event "AUTO-INT-2131"]
[Site "http://www.queenalice.com/game.php?id=979460"]
[Date "2011.8.31"]
[Round "1"]
[White "zemaria"]
[Black "geert"]
[Result "1-0"]
[WhiteElo "1685"]
[BlackElo "1545"]

1. e4 c5 2. Nf3 d6 3. d4 Qa5+ 4. Bd2 Qb6 5. b3 cxd4 6. Bd3 e5 7. Na3 h6 8. Nc4
Qc7 9. O-O Be7 10. Re1 Nf6 11. h3 O-O 12. Nh2 b5 13. Nb2 a6 14. a3 Bb7 15. Qe2
Nbd7 16. Qf1 Nc5 17. b4 Nxd3 18. Nxd3 Qxc2 19. Qe2 Nxe4 20. Nf3 Nf6 21. Nc1 1-0